Statistiken für Größte Städte in Baden-Württemberg (mit Karte)

Klicken Sie hier um das Quiz zu spielen!

Allgemein

  • Dieses Quiz wurde 5.386 mal gespielt
  • Das Durchschnittsergebnis liegt bei 25 aus 50

Antworten auf der Karte

Die Antworten werden auf der Karte rot bzw. grün angezeigt, abhängig davon wie oft sie richtig erraten wurden.
 

Antwortstatistiken

EinwohnerKreisStadt% Korrekt
626.275KreisfreiStuttgart
99%
231.848KreisfreiFreiburg im Breisgau
95%
311.831KreisfreiMannheim
92%
306.502KreisfreiKarlsruhe
91%
126.949KreisfreiUlm
89%
84.736KonstanzKonstanz
87%
159.245KreisfreiHeidelberg
84%
125.613KreisfreiHeilbronn
74%
125.529KreisfreiPforzheim
71%
55.527KreisfreiBaden-Baden
70%
91.877TübingenTübingen
70%
116.456ReutlingenReutlingen
69%
61.561BodenseekreisFriedrichshafen
68%
93.117LudwigsburgLudwigsburg
65%
86.475Schwarzwald-Baar-KreisVillingen-Schwenningen
62%
92.640EsslingenEsslingen am Neckar
61%
50.928RavensburgRavensburg
60%
60.857OrtenaukreisOffenburg
56%
49.129HeidenheimHeidenheim an der Brenz
55%
49.318LörrachLörrach
55%
50.470BöblingenBöblingen
52%
68.351OstalbkreisAalen
50%
50.441RastattRastatt
50%
41.141Schwäbisch HallSchwäbisch Hall
49%
64.151BöblingenSindelfingen
49%
58.061GöppingenGöppingen
46%
61.333OstalbkreisSchwäbisch Gmünd
44%
35.707Rhein-Neckar-KreisSinsheim
44%
36.672TuttlingenTuttlingen
42%
48.587KonstanzSingen (Hohentwiel)
41%
37.378OrtenaukreisKehl
39%
55.526Rems-Murr-KreisWaiblingen
37%
48.931BöblingenLeonberg
35%
43.137LudwigsburgBietigheim-Bissingen
33%
45.644KarlsruheBruchsal
32%
34.604ZollernalbkreisBalingen
31%
34.862Schwäbisch HallCrailsheim
30%
40.954EsslingenKirchheim unter Teck
30%
47.891OrtenaukreisLahr/Schwarzwald
30%
45.814EsslingenFilderstadt
29%
40.885EsslingenNürtingen
29%
37.460Rems-Murr-KreisBacknang
28%
45.197Rhein-Neckar-KreisWeinheim
28%
39.278KarlsruheEttlingen
26%
45.737ZollernalbkreisAlbstadt
25%
45.141Rems-Murr-KreisFellbach
23%
43.843TübingenRottenburg am Neckar
23%
39.642Rems-Murr-KreisSchorndorf
22%
40.100EsslingenLeinfelden-Echterdingen
21%
39.376EsslingenOstfildern
19%

Verteilung der Resultate

Perzentil nach korrekt beantworteten Fragen

Anzahl Personen mit jedem Resultat

Ihre Resultats-Entwicklung

Sie haben dieses Quiz noch nicht gespielt